000 00656nam a2200217Ia 4500
003 GCL
008 140319s9999 xx 000 0 ara d
040 _aGCL /
_cGCL
082 0 4 _a573.2
_bك ت
100 1 _aاحمد مستجير
245 1 0 _aالتاريخ العاصف لعلم وراثة الانسان /
_cاحمد مستجير
700 1 _aكيفلس, دانييل
260 _a[S.N] :
_bالمكتبة الاكاديمية ،
_c1993
300 _a382
490 _a
650 0 4 _aالانسان
650 0 4 _aالوراثة
650 0 4 _aالانساب
650 0 4 _aالكروموسومات - علم الوراثة
942 _2ddc
_cBK
999 _c31506
_d31506